Características y contibuciones de las organizaciones civiles del VIH-SIDA en la ciudad de México /
Uloženo v:
| Hlavní autor: | |
|---|---|
| Médium: | Text |
| Jazyk: | Spanish |
| Témata: | |
| Tagy: |
Přidat tag
Žádné tagy, Buďte první, kdo vytvoří štítek k tomuto záznamu!
|
MARC
| LEADER | 00000 a a2200000 04500 | ||
|---|---|---|---|
| 001 | 12429 | ||
| 003 | cru CIDCACS/IIS | ||
| 005 | 20180216133005.0 | ||
| 008 | 180216b ||||| |||| 00| 0 spa d | ||
| 999 | |c 23874 |d 23874 | ||
| 040 | |c cru CIDCACS/IIS | ||
| 100 | |a Hernández Baqueiro, Alberto | ||
| 245 | |a Características y contibuciones de las organizaciones civiles del VIH-SIDA en la ciudad de México / |c Alberto Hernández Baqueiro | ||
| 650 | |a VIH | ||
| 650 | |a SIDA | ||
| 650 | |a ENCUESTAS | ||
| 650 | |a SERVICIOS DE SALUD | ||
| 650 | |a EDUCACION | ||
| 650 | |a PREVENCION DEL SIDA | ||
| 650 | |a ATENCION MEDICA | ||
| 650 | |a MEXICO | ||
| 650 | |a ORGANIZACIONES VOLUNTARIAS | ||
| 773 | |g volumen 15, número 30; páginas 39-78 | ||
| 942 | |2 ddc |c LI | ||
